Arquine : Revista Internacional de Arquitectura y Diseño : no. 33, otoño 2005 /

Պահպանված է:
Մատենագիտական մանրամասներ
Այլ հեղինակներ: Adrià, Miquel (dirección) (dirección)
Ձևաչափ: Գիրք
Լեզու:իսպաներեն
Հրապարակվել է: México : Arquine, 2005, c2005
Ցուցիչներ: Ավելացրեք ցուցիչ
Չկան պիտակներ, Եղեք առաջինը, ով նշում է այս գրառումը!

MARC

LEADER 00000nam^a2200000^a^4500
001 000590310
005 20250526000000.0
009 20260310132905.733
022 |a 1405-6151 
037 |a Acervo ITESO - Biblioteca 
041 |a ESP 
091 |a FCO. 03706 
240 1 1 |a [Arquine] 
240 1 1 |a [Arquine : Revista Internacional de Arquitectura y Diseño] 
245 0 0 |a Arquine :  |b Revista Internacional de Arquitectura y Diseño : no. 33, otoño 2005 / 
264 4 |a México :  |b Arquine,  |c 2005, c2005 
300 |a 97 p. ;  |c 29.0 cm. 
336 |a texto  |b txt  |2 rdacontenido 
337 |a sin mediación  |b n  |2 rdamedio 
338 |a volumen  |b nc  |2 rdasoporte 
649 |a XX 
700 |a Adrià, Miquel  |e (dirección) 
910 |a Fondo Erich Coufal Kieswetter 
920 |a Impresos - Libros 
930 |a Libros Antiguos y Raros 
905 |a 142 
901 |a 590310-10  |b IT2  |c LRA  |i D  |u 20250526 
902 |a https://opac.biblio.iteso.mx/vufind/Record/000590310